[Event "Catanzaro Province-ch"]
[Site "Catanzaro"]
[Date "2013.01.20"]
[Round "4"]
[White "Olivo, Paolo"]
[Black "D'Elia, Mario Domenico"]
[Result "1-0"]
[WhiteElo "1772"]
[BlackElo "1527"]
[PlyCount "51"]
[EventDate "2013.01.18"]
[EventType "swiss"]
[EventRounds "5"]
[EventCountry "ITA"]
[SourceTitle "EXT 2014"]
[Source "ChessBase"]
[SourceDate "2013.11.20"]
[SourceVersion "1"]
[SourceVersionDate "2013.11.20"]
[SourceQuality "1"]

1. d4 f5 2. c4 Nf6 3. Nc3 g6 4. Nf3 Bg7 5. Bf4 0-0 6. e3 d6 7. Bd3 a5 8. 0-0 Nh5 9. Bg5 Qe8 10. Nd5 Qf7 11. Nxc7 Ra7 12. Rc1 e6 13. Nb5 Ra6 14. c5 dxc5 15. Rxc5 Nd7 16. Rc7 Qe8 17. Na3 Rb6 18. Qc2 Nhf6 19. Nc4 Ra6 20. Nce5 Rb6 21. Rc1 Nxe5 22. Nxe5 Bd7 23. Bxf6 Rc6 24. Nxc6 Bxf6 25. Rxb7 Kh8 26. Rb8 1-0

[Event "Amantea op-B 9th"]
[Site "Amantea"]
[Date "2011.09.11"]
[Round "8"]
[White "D'Elia, Mario Domenico"]
[Black "Mercuri, Delia"]
[Result "0-1"]
[WhiteElo "1663"]
[BlackElo "1523"]
[PlyCount "64"]
[EventDate "2011.09.04"]
[EventType "swiss"]
[EventRounds "8"]
[EventCountry "ITA"]
[SourceTitle "EXT 2014"]
[Source "ChessBase"]
[SourceDate "2013.11.20"]
[SourceVersion "1"]
[SourceVersionDate "2013.11.20"]
[SourceQuality "1"]

1. d4 d5 2. Nf3 e6 3. e3 c5 4. b3 Nf6 5. Bd3 Nc6 6. c3 a6 7. Bb2 b5 8. dxc5 Bxc5 9. b4 Bb6 10. 0-0 0-0 11. Qc2 h6 12. Rd1 Qc7 13. Nbd2 Bb7 14. a3 Rac8 15. Nb3 Ne5 16. Nxe5 Qxe5 17. Be2 Bc7 18. g3 Ne4 19. Qd3 Qf6 20. Rf1 Be5 21. Nd4 Rc7 22. Rac1 Qg6 23. Bf3 f5 24. Bg2 h5 25. f4 Bd6 26. Nf3 Be7 27. Ne5 Qh7 28. h4 Nxg3 29. Rf3 Bxh4 30. Kh2 Ne4 31. Rcf1 Rfc8 32. Qd2 Nxd2 0-1

[Event "Amantea op-B 9th"]
[Site "Amantea"]
[Date "2011.09.05"]
[Round "2"]
[White "Aloise, Antonello"]
[Black "D'Elia, Mario Domenico"]
[Result "0-1"]
[WhiteElo "1440"]
[BlackElo "1663"]
[PlyCount "76"]
[EventDate "2011.09.04"]
[EventType "swiss"]
[EventRounds "8"]
[EventCountry "ITA"]
[SourceTitle "EXT 2014"]
[Source "ChessBase"]
[SourceDate "2013.11.20"]
[SourceVersion "1"]
[SourceVersionDate "2013.11.20"]
[SourceQuality "1"]

1. e4 c5 2. f4 a6 3. Nf3 Nc6 4. a3 e6 5. Bc4 d5 6. exd5 exd5 7. Be2 Nf6 8. Ne5 Nd4 9. 0-0 Be7 10. b3 0-0 11. Bd3 Bd6 12. c3 Ne6 13. g3 Qb6 14. c4 d4 15. a4 h6 16. Re1 Nd8 17. a5 Qc7 18. Bb2 Nc6 19. Nxc6 Qxc6 20. Qc2 Qd7 21. f5 Qc7 22. Kg2 Bd7 23. Na3 Ng4 24. Kh3 h5 25. Rf1 Rfe8 26. Be4 Re5 27. Qd3 Rae8 28. Rae1 Nf6 29. Rf4 g5 30. Rg1 Ng4 31. Nc2 Rxe4 32. Rg2 gxf4 33. gxf4 Bxf5 34. Nxd4 cxd4 35. Kh4 Bg6 36. Bxd4 Rxf4 37. Qc3 Nf2+ 38. Rg4 Rxg4# 0-1

[Event "Cutro op-B 13th"]
[Site "Cutro"]
[Date "2007.04.23"]
[Round "1"]
[White "Di Mauro, Sebastiano"]
[Black "D'Elia, Mario Domenico"]
[Result "1-0"]
[WhiteElo "1813"]
[BlackElo "1440"]
[PlyCount "113"]
[EventDate "2007.04.23"]
[EventType "swiss"]
[EventRounds "9"]
[EventCountry "ITA"]
[SourceTitle "EXT 2008"]
[Source "ChessBase"]
[SourceDate "2007.11.25"]
[SourceVersion "1"]
[SourceVersionDate "2007.11.25"]
[SourceQuality "1"]

1. e4 g6 2. f4 e6 3. Nf3 Bg7 4. Nc3 Nc6 5. d4 d5 6. Bb5 Nge7 7. 0-0 Bd7 8. Re1 0-0 9. Be3 a6 10. Bf1 b5 11. a3 Na5 12. Bf2 c6 13. Qe2 Nc4 14. Rab1 Re8 15. Nd2 Nxd2 16. Qxd2 Nc8 17. e5 Nb6 18. b3 Bc8 19. Re3 Bf8 20. Rh3 Bxa3 21. Nd1 Be7 22. Ne3 c5 23. c3 c4 24. g4 cxb3 25. Rxb3 Nc4 26. Qd3 Bf8 27. g5 Bg7 28. Ng4 Kh8 29. Qg3 Re7 30. Bd3 Nd2 31. Qh4 Qg8 32. Rb2 Ne4 33. Be1 Raa7 34. c4 bxc4 35. Rb8 Rec7 36. Bxe4 dxe4 37. Ba5 Rc6 38. Rc3 Rb7 39. Rxb7 Bxb7 40. Rh3 Rc8 41. Bb4 Re8 42. Qe1 Bd5 43. Qa1 Ra8 44. Be7 a5 45. Nf6 a4 46. Nxg8 Kxg8 47. Qa3 Rc8 48. Qxa4 Ra8 49. Qb4 Ra1+ 50. Kf2 Ra2+ 51. Ke3 Ra8 52. Kd2 Ra2+ 53. Kc1 Ra1+ 54. Kb2 Ra8 55. Ra3 c3+ 56. Kxc3 Rc8+ 57. Kd2 1-0